[Event "London Classic op"]
[Site "London"]
[Date "2017.12.04"]
[Round "4"]
[White "Islam, Mohammed"]
[Black "Lee, Chulwoo"]
[Result "1-0"]
[WhiteElo "1731"]
[BlackElo "1607"]
[PlyCount "51"]
[EventDate "2017.12.02"]
[EventType "swiss"]
[EventRounds "9"]
[EventCountry "ENG"]
[SourceTitle "CBM 182 Extra"]
[Source "ChessBase"]
[SourceDate "2018.02.23"]
[SourceVersion "1"]
[SourceVersionDate "2018.02.23"]
[SourceQuality "1"]

1. d4 d5 2. c4 e6 3. Nf3 Nf6 4. e3 Be7 5. Bd3 Nc6 6. a3 a5 7. 0-0 b6 8. cxd5 exd5 9. Bb5 Bd7 10. Qc2 Na7 11. Bd3 h6 12. Ne5 Bd6 13. Nc3 Be6 14. f4 c6 15. f5 Bd7 16. e4 dxe4 17. Nxe4 Be7 18. Bc4 Nd5 19. Qb3 0-0 20. f6 Nxf6 21. Bxf7+ Kh7 22. Ng5+ hxg5 23. Qd3+ Kh8 24. Ng6+ Kh7 25. Nxf8+ Kh8 26. Qh7+ 1-0

[Event "London Classic op"]
[Site "London"]
[Date "2017.12.03"]
[Round "2"]
[White "Lee, Chulwoo"]
[Black "Skutta, Bernd"]
[Result "0-1"]
[WhiteElo "1607"]
[BlackElo "1988"]
[PlyCount "88"]
[EventDate "2017.12.02"]
[EventType "swiss"]
[EventRounds "9"]
[EventCountry "ENG"]
[SourceTitle "CBM 182 Extra"]
[Source "ChessBase"]
[SourceDate "2018.02.23"]
[SourceVersion "1"]
[SourceVersionDate "2018.02.23"]
[SourceQuality "1"]

1. e4 d6 2. d4 Nf6 3. Nc3 Nbd7 4. Nf3 e5 5. dxe5 dxe5 6. a3 Be7 7. Bd3 0-0 8. 0-0 c6 9. b4 Qc7 10. Bb2 Re8 11. h3 Nf8 12. Ne2 Ng6 13. Bc1 h6 14. Bd2 Be6 15. Qc1 Rad8 16. Kh1 Nh5 17. Nfg1 Nhf4 18. Nxf4 Nxf4 19. Bxf4 exf4 20. f3 Bf6 21. Rb1 Ba2 22. Rb2 Bxb2 23. Qxb2 Be6 24. Ne2 g5 25. Qf6 Qe7 26. Qxh6 f6 27. h4 Qg7 28. hxg5 fxg5 29. Qh5 Bf7 30. Qg4 Rd6 31. Qf5 Rh6+ 32. Kg1 Be6 33. Qc5 Bf7 34. Qxa7 Qh8 35. Kf2 Rh2 36. Rg1 Qh4+ 37. Kf1 b5 38. Nd4 Qh6 39. Qd7 Qf6 40. Nxc6 Qa1+ 41. Kf2 Qc3 42. Rd1 Rh6 43. Nd8 Bg6 44. Bxb5 Qe3+ 0-1